Famous DJs & EDM Artists by Picture - Statistics

General Stats
  • This quiz has been taken 338 times
    330 since last reset
  • The average score is 15 of 30
Answer Stats
Picture Answer % Correct
Marshmello
91%
Avicii
90%
Daft Punk
85%
David Guetta
83%
Steve Aoki
80%
Skrillex
78%
deadmau5
77%
Calvin Harris
74%
Martin Garrix
71%
Tiësto
69%
Alan Walker
67%
Gorillaz
60%
Swedish House Mafia
58%
The Chainsmokers
57%
Zedd
56%
Afrojack
53%
Diplo
50%
Armin van Buuren
47%
Alesso
45%
DJ Snake
45%
Major Lazer
34%
Björk
31%
Moby
26%
Fatboy Slim
25%
The Prodigy
24%
Aphex Twin
18%
Kraftwerk
17%
Depeche Mode
12%
The Chemical Brothers
12%
New Order
3%
No matching quizzes found
Score Distribution
Percent of People with Each Score
Percentile by Number Answered
Your Score History
You have not taken this quiz since the last reset